00432nam a2200133 a 450000100100000000500170001000800410002704000250006808200150009310000200010824500920012826000510022030000270027100004851920201002061220.0190327s2018 dr a r 000 spa d aDO-SdBNPbspacBNPHU axxxbS825e aSteneck, Robert10aEl estado de los arrecifes de coral de la República Dominicana : reporte 2017 y 2018. aSanto Domingo :bFundación Propo-Gas,c2018. a53 p. :bil. ;c28 cm.